Southville International School and Colleges
Your cart is empty.
  • Cart
  • Lists
    Public lists list_1 View all
    Your lists Log in to create your own lists
  • Log in to your account
  • Your cookies
  • Search history
Southville International School and Colleges
  • Advanced search
  • Recent comments
  • Most popular
  • Libraries

Log in to your account

Log in with GOOGLE


If you do not have an external account, but do have a local account, you can still log in:

  1. Home
  2. MARC view: Captain John Smith and Pocahontas /
Normal view MARC view ISBD view

Captain John Smith and Pocahontas / (Record no. 111217)

[ view plain ]
MARC details
000 -LEADER
fixed length control field 00466nam a2200169 a 4500
001 - CONTROL NUMBER
control field 1702
005 - DATE AND TIME OF LATEST TRANSACTION
control field 20140414131911.0
008 - FIXED-LENGTH DATA ELEMENTS--GENERAL INFORMATION
fixed length control field 001113s19uu xx 00 eng d
050 ## - LIBRARY OF CONGRESS CALL NUMBER
Classification number ER
Item number C17 1995
100 ## - MAIN ENTRY--PERSONAL NAME
Personal name Gools, Van
245 ## - TITLE STATEMENT
Title Captain John Smith and Pocahontas /
Statement of responsibility, etc Van Gools.
260 ## - PUBLICATION, DISTRIBUTION, ETC. (IMPRINT)
Place of publication, distribution, etc Australia :
Name of publisher, distributor, etc The Book,
Date of publication, distribution, etc 1995.
300 ## - PHYSICAL DESCRIPTION
Extent 60 p. : ill. ; cm.
650 ## - SUBJECT ADDED ENTRY--TOPICAL TERM
Topical term or geographic name as entry element Pocahontas, 1617
General subdivision Fiction.
650 ## - SUBJECT ADDED ENTRY--TOPICAL TERM
Topical term or geographic name as entry element Powhatan Indians
General subdivision Fiction.
Holdings
Withdrawn status Lost status Damaged status Use restrictions Home library Current library Shelving location Date acquired Source of acquisition Total Checkouts Full call number Barcode Date last seen Price effective from Koha item type
        Munich Library Munich Library Easy Reading Section 12/29/2004     ER C17 1995 M1815 04/14/2014 04/14/2014 Books

Captain John Smith and Pocahontas /

APA

Gools V., . (1995). Captain John Smith and Pocahontas. Australia: The Book.

Chicago

Gools Van, . 1995. Captain John Smith and Pocahontas. Australia: The Book.

Harvard

Gools V., . (1995). Captain John Smith and Pocahontas. Australia: The Book.

MLA

Gools Van, . Captain John Smith and Pocahontas. Australia: The Book. 1995.

  • Place hold
  • Print
  • Cite
  • Add to your cart (remove)
  • Save record
    BIBTEX Dublin Core MARCXML MARC (non-Unicode/MARC-8) MARC (Unicode/UTF-8) MARC (Unicode/UTF-8, Standard) MODS (XML) RIS
  • More searches
    Search for this title in:
    Other Libraries (WorldCat) Other Databases (Google Scholar) Online Stores (Bookfinder.com) Open Library (openlibrary.org)

Exporting to Dublin Core...

SOUTHVILLE LIBRARY

Southville International School and Colleges Library

1281 Tropical Ave. Cor. Luxembourg St., BF Homes International, Las Pinas City

Tel. No. 8256374 / 252358 Loc. 117/146

Powered by Koha